000 00258nam a2200109Ia 4500
008 190216s9999||||xx |||||||||||||| ||und||
100 _aDoerfman R
245 4 _aThe Price System
260 _bPrentice Hall Of India Pvt Ltd
650 _aEconomics
942 _cBK
999 _c9704
_d9704